Little tiger big tiger / (Record no. 21543)

MARC details
000 -LEADER
fixed length control field 02829nam a22003977a 4500
005 - DATE AND TIME OF LATEST TRANSACTION
control field 20090119143636.0
008 - FIXED-LENGTH DATA ELEMENTS--GENERAL INFORMATION
fixed length control field 090119t xxu||||| |||| 00| 1 eng d
010 ## - LCCN (DPL NO)
LC control number B-345383-391
020 ## - INTERNATIONAL STANDARD BOOK NUMBER
International Standard Book Number 9788170110682
020 ## - INTERNATIONAL STANDARD BOOK NUMBER
International Standard Book Number 8170110688
Terms of availability 20.00
035 ## - SYSTEM CONTROL NUMBER
System control number B-345383-391
035 ## - SYSTEM CONTROL NUMBER
System control number B-357749
037 ## - SOURCE OF ACQUISITION
Source of stock number/acquisition Tarun Books
040 ## - CATALOGING SOURCE
Original cataloging agency dpl
Language of cataloging English
082 ## - DEWEY DECIMAL CLASSIFICATION NUMBER
Classification number S
100 ## - MAIN ENTRY--PERSONAL NAME
Personal name Fuller, Lois Hamilton
110 ## - MAIN ENTRY--CORPORATE NAME
Corporate name or jurisdiction name as entry element illustrated by Anil Vyas
245 ## - TITLE STATEMENT
Title Little tiger big tiger /
Statement of responsibility, etc by Lois Hamilton Fuller; illustrated by Anil Vyas
Medium English
260 ## - PUBLICATION, DISTRIBUTION, ETC. (IMPRINT)
Place of publication, distribution, etc New Delhi
Name of publisher, distributor, etc Children's Book Trust
Date of publication, distribution, etc 2007 (repr.)
270 ## - ADDRESS
Address Nehru House, 4 Bahadur Shah Zafar Marg
City New Delhi
Postal code 110002
Telephone number 23316970-74
Fax number 23721090
Electronic mail address cbtnd@vsnl.com
300 ## - PHYSICAL DESCRIPTION
Extent 24p.:
Dimensions 18cm. (pbk)
Other physical details ill.
700 ## - ADDED ENTRY--PERSONAL NAME
Personal name Vyas, Anil
942 ## - ADDED ENTRY ELEMENTS (KOHA)
Source of classification or shelving scheme Dewey Decimal Classification
Item type Children Books
Classification part S
Call number suffix FUL
Holdings
Withdrawn status Lost status Source of classification or shelving scheme Damaged status Not for loan Collection code Home library Current library Date acquired Source of acquisition Cost, normal purchase price Total Checkouts Full call number Barcode Date last seen Copy number Cost, replacement price Koha item type
    Dewey Decimal Classification     Fiction Bawana Bawana 11/09/2009 Tarun Books/3947/21.5.09/13/23.4.09/4.7.09 20.00 1 S FUL B-345390 16/08/2019 1 20.00 Children Books
    Dewey Decimal Classification     Fiction Central Library Central Library 11/09/2009 Tarun Books/3947/21.5.09/13/23.4.09/4.7.09 20.00 1 S FUL B-345383 04/02/2019 1 20.00 Children Books
    Dewey Decimal Classification     Fiction Janak Puri Janak Puri 16/09/2009 Tarun Books/4121/9.9.09/89/2.9.09/11.9.09 20.00 11 S FUL B-357749 05/04/2010 1 20.00 Children Books
    Dewey Decimal Classification     Fiction Karol Bagh Karol Bagh 11/09/2009 Tarun Books/3947/21.5.09/13/23.4.09/4.7.09 20.00   S FUL B-345388 11/09/2009 1 20.00 Children Books
    Dewey Decimal Classification     Fiction Kasturba Gandhi Marg Kasturba Gandhi Marg 11/09/2009 Tarun Books/3947/21.5.09/13/23.4.09/4.7.09 20.00 1 S FUL B-345385 16/03/2019 1 20.00 Children Books
  Written-off vide DLB M. No. 383 dt 16.05.19 Dewey Decimal Classification     Fiction Narela Narela 11/09/2009 Tarun Books/3947/21.5.09/13/23.4.09/4.7.09 20.00   S FUL B-345389 11/09/2009 1 20.00 Children Books
  Written-off vide DLB M. No. 383 dt 16.05.19 Dewey Decimal Classification     Fiction Patel Nagar Patel Nagar 11/09/2009 Tarun Books/3947/21.5.09/13/23.4.09/4.7.09 20.00   S FUL B-345384 11/09/2009 1 20.00 Children Books
    Dewey Decimal Classification     Fiction Peshwa Road Peshwa Road 11/09/2009 Tarun Books/3947/21.5.09/13/23.4.09/4.7.09 20.00   S FUL B-345386 11/09/2009 1 20.00 Children Books
    Dewey Decimal Classification     Fiction Sarojini Nagar Sarojini Nagar 11/09/2009 Tarun Books/3947/21.5.09/13/23.4.09/4.7.09 20.00   S FUL B-345387 28/06/2019 1 20.00 Children Books
    Dewey Decimal Classification     Fiction Shahdara Branch Shahdara Branch 11/09/2009 Tarun Books/3947/21.5.09/13/23.4.09/4.7.09 20.00   S FUL B-345391 11/09/2009 1 20.00 Children Books

© Delhi Public Library
Hit Counter
free hit counter